[Event "LSS No Engine Cup 204 Preliminary 0"]
[Site "LSS email"]
[Date "2020.06.05"]
[Round "?"]
[White "Townsend, John"]
[Black "Heiser, Jerome"]
[Result "1-0"]
[WhiteElo "1762"]
[BlackElo "763"]
[PlyCount "41"]
[EventDate "2020.06.05"]
[EventType "tourn (corr)"]
[EventRounds "6"]
[EventCountry "GER"]
[SourceTitle "Corr 2022"]
[Source "ChessBase"]
[SourceDate "2021.10.24"]
[SourceVersion "1"]
[SourceVersionDate "2021.10.24"]
[SourceQuality "1"]

1. e4 e5 2. Nf3 Nc6 3. d4 exd4 4. Bc4 Bc5 5. 0-0 h6 6. c3 d3 7. Qxd3 d6 8. Be3 Bxe3 9. Qxe3 Ne5 10. Nxe5 dxe5 11. f4 Qd6 12. Bxf7+ Ke7 13. fxe5 Qxe5 14. Bxg8 Rxg8 15. Nd2 b5 16. Nf3 Qe6 17. Qc5+ Qd6 18. Qh5 b4 19. Rad1 Qb6+ 20. Nd4 Bb7 21. Qf7+ 1-0